| 000 | 00350nam a22001217a 4500 | ||
|---|---|---|---|
| 020 | _a0201749602 | ||
| 082 |
_222 _a005.72 |
||
| 100 | _aPark, Jack and Humting, Sam. | ||
| 245 |
_aXML topic maps : _bcreating and using topic maps for the web / |
||
| 260 |
_aBoston, _bAddision Wesley, _cc2003. |
||
| 300 |
_axxiv, 605p. ; _bill. ; _c23 cm. |
||
| 942 |
_2ddc _cIT |
||
| 999 |
_c2198 _d2198 |
||